000 00767nam a2200217 a 4500
001 BRCA_6444
005 20190320205445.0
008 230911s1952----po-a######---#000-0#por-#
041 _apor
044 _apo
050 4 _aN7963
_b.E97 1952
245 1 0 _aExposição de arte sacra
_bsubsídios para o inventário artístico do Concelho de Tondela, Caramulo, junho de 1951
_cJunta de Turismo do Caramulo.
260 _aCaramulo, Portugal
_bJunta de Turismo de Caramulo
_c1952
300 _a82 p.
_bil. (algunas a color)
_c29 cm.
500 _aCDE71
650 1 4 _aArte sacro
_vExposiciones
_ySiglo XV-XIX
_zTondela, Portugal
_916094
651 4 _aTondela (Provincia)
_zPortugal
_916095
710 2 _aJunta de Turismo do Caramulo
_916096
902 _aGFM
942 _2lcc
_cB
999 _c6128
_d6128